| 000 | 00701nam a22002177a 4500 | ||
|---|---|---|---|
| 003 | OSt | ||
| 005 | 20260130161346.0 | ||
| 008 | 260130b |||||||| |||| 00| 0 eng d | ||
| 020 | _a9789394907096 | ||
| 037 |
_a6358 _bBharati Madhyavarti Sahakari Grahak Bhandar Pune |
||
| 040 | _cNLK | ||
| 041 | _aMarathi | ||
| 050 |
_a342.54 _bCHA |
||
| 100 | _aChoudhari Rajesh Ashok | ||
| 245 | _aभारताचे संविधान (१०६ व्या सुधारणेपर्यंत अद्ययावत): The Constitution of India | ||
| 250 | _a18 | ||
| 260 |
_aPune _bChoudhai Law Puplisher _c2025 |
||
| 300 | _a420 | ||
| 650 | _aConstitution of India | ||
| 942 |
_2ddc _cTB _n0 |
||
| 999 |
_c1215277 _d1215277 |
||